| 000 | 00688nam a2200205 a 4500 | ||
|---|---|---|---|
| 001 | 000008744 | ||
| 003 | DO-SdBNP | ||
| 005 | 20230316133018.0 | ||
| 007 | ta | ||
| 008 | 090918s2007 dr 000 0 spa d | ||
| 040 |
_aDO-SdBNP _cBNPHU _bspa |
||
| 049 | _aBNPD | ||
| 082 | 4 |
_bI59j _222 |
|
| 245 | 0 | 0 |
_aInstitucionalidad y justicia : _bdemocracia y transparencia / _ceditores Servio Tulio Castaños Guzmán y Carlos Villaverde Gómez. |
| 260 |
_aSanto Domingo : _bFundación Institucionalidad y Justicia (FINJUS), _c2007. |
||
| 300 |
_av. ; _c24 cm. |
||
| 700 | 1 |
_aCastaños Guzmán, Servio Tulio, _eeditor _99389 |
|
| 700 | 1 |
_aVillaverde Gómez, Carlos, _eeditor _914581 |
|
| 942 |
_2ddc _cLBS1 |
||
| 999 |
_c8514 _d8514 |
||